Aéroports internationaux - plus de 80 millions de passagers par an - Statistiques

Statistiques générales
  • Ce quiz a été pris 23 fois
    20 depuis la dernière actualisation
  • Le résultat moyen est 3 sur 10
Answers on the Grid
Answers color-coded by a green-red scale on the quiz's grid according to % correct below.
Charlotte Douglas
Séoul Incheon
Dehli Indira Gandhi
Istanbul
Paris Charles de Gaulle
Shenzhen Bao'an
Pékin Capitale
Shanghai Pudong
Amsterdam Schiphol
Bombay Chhatrapati Shivaji
Mexico
New-York John F Kennedy
Canton Baiyun
Adolfo Suárez Madrid Barajas
Singapour Changi
Londres Heathrow
Francfort sur le Main
Kuala Lumpur
Dallas Fort Worth
Toronto Pearson
Bangkok Suvarnabhumi
Los Angeles
Miami
Josep Tarradellas Barcelone El Prat
Atlanta Hartsfield-Jackson
Denver
Hong Kong
Jakarta Soekarno-Hatta
Las Vegas Harry Reid
Pékin Daxing
Tokyo Haneda
San Francisco
Dubaï
Phoenix Sky Harbor
Chicago O'Hare
Seattle Tacoma
 
Statistiques - réponses
Réponse % Correct
Istanbul
67%
Shanghai Pudong
44%
Dubaï
33%
Londres Heathrow
33%
Atlanta Hartsfield-Jackson
22%
Canton Baiyun
11%
Chicago O'Hare
11%
Dallas Fort Worth
11%
Denver
11%
Tokyo Haneda
11%
Aucun quiz correspondant
Distribution des résultats
% des personnes avec chaque résultat
Percentile par nombre de réponses
Votre historique - résultats
Vous n’avez pas pris ce quiz depuis la dernière actualisation